000 00815nam a22002657a 4500
003 CHAP
005 20220329135441.0
008 971013s r 00010 d
010 _a36708
011 _a37680
035 _a41800
040 _cCHAP
090 _aFolleto 3076
110 _aMéxico. Dirección General de Distritos de Riego
_976971
245 _aDistritos de Riego Núm. 10, Ríos Culiacán y Huamaya
260 _a(s.l.) :
_bLa Dirección,
_c(s.a.)
300 _a12 p.
_b: ilus
590 _aBATCH-UPD
_b10
_c20130410
_lUCH01
_h1512
590 _aBATCH-UPD
_b10
_c20130914
_lUCH01
_h1208
590 _aCONVERSION
_b10
_c20130109
_lUCH01
_h1321
650 1 4 _aDistrito de Riego Culiacán, Sin.
_932865
901 _aBK
942 _cFOLL
949 _aFolleto 3076
_bBC
_cFOLL
_d-96180
_eTS1
_i41800
_mD
_si
999 _c36708
_d36708